Il museo di Blanda (Record no. 85840)

MARC details
000 -LEADER
campo de control de longitud fija 00821cam a22002297a 4500
001 - NÚMERO DE CONTROL
campo de control 85840
003 - IDENTIFICADOR DE NÚMERO DE CONTROL
campo de control ItRI
005 - FECHA Y HORA DE LA ÚLTIMA TRANSACCIÓN
campo de control 20260429113452.0
008 - DATOS DE LONGITUD FIJA--INFORMACIÓN GENERAL
campo de control de longitud fija 260429q19992016it |||||| ||||| |ita|c
040 ## - FUENTE DE CATALOGACIÓN
Lengua de catalogación ita
Centro catalogador/agencia de origen M-RABA
Centro/agencia transcriptor M-RABA
Centro/agencia modificador M-RABA
041 #7 - CÓDIGO DE IDIOMA
Código de lengua del texto/banda sonora o título independiente ita
Fuente del código ISO-639-2
245 03 - MENCIÓN DEL TÍTULO
Título Il museo di Blanda
Mención de responsabilidad, etc. / coordinamento scientifico: Soprintendenza per i beni archeologici della Calabria.
260 ## - PUBLICACIÓN, DISTRIBUCIÓN, ETC.
Lugar de publicación, distribución, etc. [Reggio Calabria]
Nombre del editor, distribuidor, etc. : Soprintendenza per i beni archeologici della Calabria
Fecha de publicación, distribución, etc. , [1999]
300 ## - DESCRIPCIÓN FÍSICA
Extensión 25p.
Otras características físicas : il.
Dimensiones ; 20 x 20 cm
500 ## - NOTA GENERAL
Nota general En cred.: Regione Calabria - Comunità Europea - Comune di Tortora - Ministero per i beni e le attività culturali
546 ## - NOTA DE IDIOMA
Nota de lengua/lenguaje Texto en italiano
655 #4 - TERMINO DE INDIZACIÓN--GENERO/FORMA
Datos o término principal de género/forma Folletos
9 (RLIN) 61837
852 ## - LOCALIZACIÓN
Número de control de estantería F-16112
982 #1 - EQUIVALENCIA O REFERENCIA-CRUZADA-MENCIÓN DE SERIE--NOMBRE DE CONFERENCIA O REUNIÓN/CONGRESO/TÍTULO [LOCAL, CANADÁ]
Enlace z01
Nombre de congreso/reunión o jurisdicción como elemento de entrada n
942 ## - ELEMENTOS DE ENTRADA SECUNDARIOS (KOHA)
Tipo de ítem Koha Fondo moderno
Suprimir en OPAC No
981 #1 - EQUIVALENCIA O REFERENCIA-CRUZADA-MENCIÓN DE SERIE--NOMBRE DE ENTIDAD CORPORATIVA/TÍTULO [LOCAL, CANADÁ]
Enlace z01
Nombre de entidad corporativa o nombre de jurisdicción como elemento de entrada i
Unidad subordinada xxxe
Holdings
Estatus retirado Estado de pérdida Fuente de la clasificación o esquema de estantería Estado de daño No para préstamo Biblioteca de origen Biblioteca actual Ubicación en estantería Fecha de adquisición Fuente de adquisición Número de inventario Total de préstamos Signatura topográfica completa Código de barras Visto por última vez Precio de reemplazo Tipo de ítem Koha Nota pública
    Clasificación Decimal Dewey     Real Academia de la Bellas Artes de San Fernando Real Academia de la Bellas Artes de San Fernando Depósito 2 29/04/2026 D 48100   F-16112 1097133 29/04/2026 29/04/2026 Fondo moderno Donación de Vincenzo Giuseppe Sabini

Powered by Koha